00940cam a2200265 a 450000100060000000300080000600500170001400800410003102000160007203500190008804000330010704100080014008200290014810000340017724500890021125000120030026000370031230000330034950000190038265000470040165000510044894200120049999900170051195201460052849684BD-RjUL20211209054719.0160822s1956 ii a 001 0 eng  c: Tk. 25.00 a(BD-RjUL)49804 aDLCcCarPdDLCdBD-RjULbeng aeng 223a347.302654bRAS 19561 aRaghavachariar, N. R.914897110aSanjiva Row's the Indian succession act (Act XXXIX of 1925) /c N. R. Raghavachariar a2nd ed. aAllahabad :bLaw Book Co.,c1956 axxii, 926 p. :bill.c24 cm. aincludes index 0aInheritance and successionzIndia.9148972 0aInheritance and succession (Hindu law)9148973 2ddccBK c49684d49684 00102ddc40708NFICaRUCLbRUCLcStackd1964-05-28ePac. law houseg35.00l0o347.302654 RAS 1956r2016-08-22 00:00:00tC-2w2016-08-22yBK